00724nam a2200229 a 450000100060000000300090000600800410001502000180005604000280007404100080010210000280011024500830013825000110022126000310023230000220026350000500028565000290033565000410036465000250040565000360043070000280046625757CO-ViMGA141112s2004 ck r 000 u spa d a9789584237248 aCO-ViMGAbspacCO-ViMGA aSPA1 aGibran, Hajjar, 1950 - 10aEl retorno del profeta / cHajjar Gibran ; traducción Mercè Bolló Puerta a1a ed. aBarcelona : bCeac, c2013 a128 p. : il. byn. aTítulo original : The return of the prophet14aAUTORES ESTADOUNIDENSES 14aLITERATURA ESTADOUNIDENSE - SIGLO XX14aMISTICISMO - POESIA 14aVIDA ESPIRITUAL - MEDITACIONES 1 aBolló Puerta, Mercè